000 00753cam a22002534a 4500
001 15131760
005 20180309033400.0
008 080108s2008 paua b 001 0 eng
010 _a 2008270160
020 _a9781416034018
040 _aDLC
_cDLC
_dDLC
041 _aeng
042 _apcc
080 _a615.854 MAH
082 0 0 _a615.854 MAH
_222
100 _a10
101 _aNUT
245 0 0 _aKrause's food & nutrition therapy /
_c[edited by] L. Kathleen Mahan, Sylvia Escott-Stump.
246 3 0 _aFood & nutrition therapy
246 3 _aFood and nutrition therapy
906 _a7
_bcbc
_corigcop
_d2
_encip
_f20
_gy-gencatlg
942 _2ddc
_cBK
999 _c44522
_d44522